000 00960nam a2200289 i 4500
001 66663
003 ES-MaACL
005 20230906165750.0
007 t|
008 030214s2002 sp ||||0| spa d
020 _a84-7522-859-3
040 _aM-BN
_bspa
_cM-BN
080 _a821.134.2.09"18"
245 0 0 _aEscribir en España entre 1840 y 1876 /
_cMarie-Linda Ortega (ed.).
260 _aMadrid :
_bVisor Libros :
_bFundación Duques de Soria,
_c[2002]
300 _a247 p. :
_bil. ;
_c21 cm.
490 1 _aBiblioteca filológica hispana ;
_v59
500 _aTextos en español y francés.
504 _aBibliografía.
650 4 _aLiteratura española-
_yS.XIX-
_xHistoria y crítica.
_914568
700 1 _aOrtega, Marie-Linda.
_987422
710 2 _aFundación Duques de Soria.
_94280
830 0 _aBiblioteca filológica hispana ;
_v59
_9179654
852 _aES-MaACL
_jL-27185
_bR.132844
999 _c66663
_d66663